Normal view
MARC view
- Swokowski, Earl W
Entry Personal Name
001 - CONTROL NUMBER
- control field: 84025
003 - CONTROL NUMBER IDENTIFIER
- control field: NUST
005 - DATE AND TIME OF LATEST TRANSACTION
- control field: 20211112151702.0
008 - FIXED-LENGTH DATA ELEMENTS
- fixed length control field: 211112|| aca||aabn | a|a d
040 ## - CATALOGING SOURCE
- Original cataloging agency: NUST
- Transcribing agency: NUST
100 ## - HEADING--PERSONAL NAME
- Personal name: Swokowski, Earl W
670 ## - SOURCE DATA FOUND
- Source citation: Work cat.: (NUST)586691: Swokowski, Earl W , Calculus, 1994.
